Calculus of several variables

Guardado en:
Detalles Bibliográficos
Autor principal: Lang, Serge
Formato: Libro
Lenguaje:inglés
Publicado: New Haven Springer 1987
Edición:3a. ed
Colección:Undergraduate Texts in Mathematics
Materias:
Etiquetas: Agregar Etiqueta
Sin Etiquetas, Sea el primero en etiquetar este registro!

MARC

LEADER 00000nam a2200000 a 4500
001 UCI4340
003 CL-VaPUC
005 20210410001426.0
008 080111e19870000US |||||||||||||||||eng|d
999 |c 328294  |d 328292 
020 |a 0387964053 
040 |c Pontificia Universidad Católica de Valparaíso 
082 0 4 |a 515.33  |b LAN  |2 21 
100 |a Lang, Serge  |9 719911 
245 1 0 |a Calculus of several variables 
250 |a 3a. ed 
260 |a New Haven  |b Springer  |c 1987 
300 |a 107 p 
490 0 |a Undergraduate Texts in Mathematics 
583 |a last modification  |c 20080111 00:00:00  |k Rodrigo Vera 
650 0 |a Cálculo diferencial   |9 260102 
650 0 |a Funciones   |9 263869 
942 |c BK  |2 ddc 
945 |d 20080111 00:00:00  |a jtorresc 
952 |0 0  |1 0  |4 0  |6 515_330000000000000_LAN_1987  |7 0  |8 A  |9 412132  |a BIBMAT  |b BIBMAT  |d 2019-11-22  |i 4400577  |l 8  |m 5  |o 515.33 LAN 1987  |p 4400577  |r 2025-01-07  |s 2024-09-09  |w 2019-11-22  |y BK  |k MAT